000 00510cam a2200205 i 4500
001 3623907
005 20171215072655.0
008 740917s1975 nyuaf b 001 0 eng
010 _a 74020790
040 _aDLC
_cDLC
_dDLC
041 _aeng
080 _a520 ABE
082 0 0 _a520 ABE
100 1 _a42
101 _aAST
245 1 0 _aExploration of the universe /
_cGeorge O. Abell.
504 _aBibliography: p. 669-671.
906 _a7
_bcbc
_corignew
_d1
_eocip
_f19
_gy-gencatlg
942 _2ddc
_cBK
999 _c39008
_d39008